The Jet Engine (Record no. 245319)

MARC details
000 -LEADER
fixed length control field 00455nam a2200193Ia 4500
008 - FIXED-LENGTH DATA ELEMENTS--GENERAL INFORMATION
fixed length control field 240913s9999||||xx |||||||||||||| ||und||
020 ## - INTERNATIONAL STANDARD BOOK NUMBER
International Standard Book Number 0 902121 2 35
082 ## - DEWEY DECIMAL CLASSIFICATION NUMBER
-- 629.134353 N6
100 ## - MAIN ENTRY--PERSONAL NAME
Personal name Aerospace Group,Englnad
245 #4 - TITLE STATEMENT
Title The Jet Engine
250 ## - EDITION STATEMENT
Edition statement 5th
260 ## - PUBLICATION, DISTRIBUTION, ETC. (IMPRINT)
Date of publication, distribution, etc 1996
Name of publisher, distributor, etc Rolls-
500 ## - GENERAL NOTE
General note REFERENCE
650 ## - SUBJECT ADDED ENTRY--TOPICAL TERM
Topical term or geographic name as entry element Jet
942 ## - ADDED ENTRY ELEMENTS (KOHA)
Item type Reference
Holdings
Withdrawn status Lost status Damaged status Permanent location Current location Shelving location Date acquired Source of acquisition Cost, normal purchase price Full call number Barcode Date last seen Koha item type
      CENTRAL LIBRARY, NOORUL ISLAM CENTRE FOR HIGHER EDUCATION CENTRAL LIBRARY, NOORUL ISLAM CENTRE FOR HIGHER EDUCATION   02/26/2004 Higginbothams Private Ltd 3595.00 629.134353 N6 21358 09/13/2024 Reference
Visitors:
Copyright © 2024 Central Library NICHE.  All rights reserved.